Songs from the First Line(s) - 1995 - Statistics

General Stats
  • This quiz has been taken 95 times
  • The average score is 12 of 30
Answer Stats
Hint Answer % Correct
Songs As I walk through the valley of the shadow of death / I take a look at my life and realize there's nothin' left / 'Cause I've been blastin' and laughin' so long, that Artist(s) Coolio
89%
Songs Dale a tu cuerpo alegría Macarena / Que tu cuerpo es pa' darle alegria y cosa buena / Dale a tu cuerpo alegría Macarena / Hey Macarena Song Macarena
89%
Songs As I walk through the valley of the shadow of death / I take a look at my life and realize there's nothin' left / 'Cause I've been blastin' and laughin' so long, that Song Gangsta's Paradise
88%
Songs This is how we do it / This is how we do it / This is how we do it / This is how we do it / It's Friday night / And I feel alright / The party is here on the West Side Song This Is How We Do It
75%
Songs Mr. Lover-Lover. I'm Mr. Lover-Lover / She call me Mr. Boombastic / Say me fantastic, / Touch me in me back / She says I'm Mr. Ro...mantic Song Boombastic
68%
Songs So no one told you life was gonna be this way / Your job's a joke, you're broke, your love life's D.O.A. / It's like you're always stuck in second gear Song I'll Be There For You
66%
Songs Mr. Lover-Lover. I'm Mr. Lover-Lover / She call me Mr. Boombastic / Say me fantastic, / Touch me in me back / She says I'm Mr. Ro...mantic Artist(s) Shaggy
66%
Songs Dale a tu cuerpo alegría Macarena / Que tu cuerpo es pa' darle alegria y cosa buena / Dale a tu cuerpo alegría Macarena / Hey Macarena Artist(s) Los Del Rio
60%
Songs So no one told you life was gonna be this way / Your job's a joke, you're broke, your love life's D.O.A. / It's like you're always stuck in second gear Artist(s) The Rembrandts
50%
Songs Now let me welcome everybody to the Wild Wild West / A state that's untouchable like Eliot Ness / The track hits your eardrum like a slug to your chest Artist(s) Dr. Dre / 2Pac
43%
Songs Another day has gone, I'm still all alone / How could this be? You're not here with me / You never said goodbye, someone tell me, why Artist(s) Michael Jackson
36%
Songs What about sunrise? / What about rain? / What about all the things / That you said we were to gain? / What about killing fields? / Is there a time? Artist(s) Michael Jackson
36%
Songs This is how we do it / This is how we do it / This is how we do it / This is how we do it / It's Friday night / And I feel alright / The party is here on the West Side Artist(s) Montell Jordan
35%
Songs A lonely mother gazing out of the window / Staring at her son that she just can't touch / If at any time he's in a jam, she'll be by his side Artist(s) TLC
35%
Songs You are appreciated / When I was young, me and my mama had beef / 17 years old, kicked out on the streets / Though back at the time I never thought I'd see her face Artist(s) 2Pac
34%
Songs A lonely mother gazing out of the window / Staring at her son that she just can't touch / If at any time he's in a jam, she'll be by his side Song Waterfalls
34%
Songs To really love a woman / To understand her / You gotta know her deep inside / Hear every thought / See every dream / And give her wings when she wants to fly Artist(s) Bryan Adams
33%
Songs I guess now it's time for me to give up / I feel it's time / Got a picture of you beside me / Got your lipstick mark still on your coffee cup / Got a fist of pure emotion Artist(s) Take That
30%
Songs Now let me welcome everybody to the Wild Wild West / A state that's untouchable like Eliot Ness / The track hits your eardrum like a slug to your chest Song California Love
29%
Songs What about sunrise? / What about rain? / What about all the things / That you said we were to gain? / What about killing fields? / Is there a time? Song Earth Song
29%
Songs I guess now it's time for me to give up / I feel it's time / Got a picture of you beside me / Got your lipstick mark still on your coffee cup / Got a fist of pure emotion Song Back For Good
28%
Songs You think you own whatever land you land on / The Earth is just a dead thing you can claim / But I know every rock and tree and creature / Has a life, has a spirit, has a name Song Colors Of The Wind
25%
Songs Sorry I never told you / All I wanted to say / And now it's too late to hold you / 'Cause you've flown away, so far away / Never had I imagined Artist(s) Boyz II Men / Mariah Carey
23%
Songs Another day has gone, I'm still all alone / How could this be? You're not here with me / You never said goodbye, someone tell me, why Song You Are Not Alone
21%
Songs To really love a woman / To understand her / You gotta know her deep inside / Hear every thought / See every dream / And give her wings when she wants to fly Song Have You Ever Really Loved A Woman
18%
Songs You think you own whatever land you land on / The Earth is just a dead thing you can claim / But I know every rock and tree and creature / Has a life, has a spirit, has a name Artist(s) Vanessa Williams
15%
Songs You are appreciated / When I was young, me and my mama had beef / 17 years old, kicked out on the streets / Though back at the time I never thought I'd see her face Song Dear Mama
13%
Songs Sorry I never told you / All I wanted to say / And now it's too late to hold you / 'Cause you've flown away, so far away / Never had I imagined Song One Sweet Day
10%
Songs I'd never tell you one lie, I'd never let you down / I'd never leave, I'd be the one who'd always be around / Baby give me a chance Artist(s) Meat Loaf / Patti Russo
6%
Songs I'd never tell you one lie, I'd never let you down / I'd never leave, I'd be the one who'd always be around / Baby give me a chance Song I'd Lie For You (And That's The Truth)
5%
No matching quizzes found
Score Distribution
Percent of People with Each Score
Percentile by Number Answered
Your Score History
You have not taken this quiz